000
00291nam a22001217a 4500
008
180803b xxu||||| |||| 00| 0 eng d
082
_a
813.52
245
_a
Interactive Atlas of Human Anatomy
_c
Netter,F.H
260
_c
1997
300
_a
1
_f
CD
440
_x
9780914168836
942
_2
ddc
_c
MX
999
_c
46780
_d
46780